Stanovenie významnosti v etape plánovania auditu
Stanovenie plánovanej hladiny významnosti a tolerovateľnej chyby sa vykonáva v etape predbežných plánovacích postupov, ešte pred vykonaním samotných audítorských testov. Audítor určí audítorskú významnosť po poznaní podnikania klienta a tiež používateľov účtovnej závierky, tak aby vyjadril kritick...
Enregistré dans:
| Auteur principal: | |
|---|---|
| Format: | Chapitre de livre |
| Langue: | slovaque |
| Sujets: | |
| Tags: |
Pas de tags, Soyez le premier à ajouter un tag!
|
MARC
| LEADER | 00000naa a2200000 4500 | ||
|---|---|---|---|
| 001 | 0122363 | ||
| 005 | 20231127100714.7 | ||
| 041 | 0 | |a slo | |
| 044 | |a SK | ||
| 245 | 1 | 0 | |a Stanovenie významnosti v etape plánovania auditu |c Radoslav Tušan |
| 520 | |a Stanovenie plánovanej hladiny významnosti a tolerovateľnej chyby sa vykonáva v etape predbežných plánovacích postupov, ešte pred vykonaním samotných audítorských testov. Audítor určí audítorskú významnosť po poznaní podnikania klienta a tiež používateľov účtovnej závierky, tak aby vyjadril kritický komponent finančných výkazov – základ pre výpočet významnosti. Ilustračné príklady. | ||
| 610 | 2 | 0 | |a audit |
| 610 | 2 | 0 | |a plánovanie |
| 610 | 2 | 0 | |a štandardy audítorské medzinárodné |
| 610 | 2 | 0 | |a účtovníctvo podvojné |
| 100 | 1 | |a Tušan, Radoslav | |